Paradise lost /

Bibliographische Detailangaben
1. Verfasser: Milton, John, 1608-1674
Weitere Verfasser: Leonard, John, 1940-
Format: Buch
Sprache:English
Veröffentlicht: London ; New York : Penguin Books, 2003
Schriftenreihe:Penguin classics
Penguin English poets
Schlagworte:
Classic Catalogue: View this record in Classic Catalogue
LEADER 07045nam a2200661 a 4500
001 13183963
008 110524s2003 enk b 000 0 eng
010 |a  2003269462 
020 |a 9780140424393 
020 |a 0140424393 
040 |a DLC  |c DLC  |d DLC  |d BD-DhAAL  
050 0 0 |a PR3560  |b 2003 
082 0 4 |a 821/.4  |2 21 
100 1 |a Milton, John,  |d 1608-1674. 
245 1 0 |a Paradise lost /  |c John Milton ; edited with an introduction and notes by John Leonard. 
260 |a London ;  |a New York :  |b Penguin Books,  |c 2003 
300 |a lviii, 453 p. ;  |c 20 cm. 
490 0 |a Penguin classics 
490 0 |a Penguin English poets 
504 |a Includes bibliographical references (p. [xlvii]-lii). 
541 |e 00022733 
630 0 0 |a Bible.  |p O.T.  |p Genesis  |x History of Biblical events  |v Poetry. 
600 0 0 |a Adam  |c (Biblical figure)  |v Poetry. 
600 0 0 |a Eve  |c (Biblical figure)  |v Poetry. 
650 0 |a Fall of man  |v Poetry. 
700 1 |a Leonard, John,  |d 1940- 
852 1 |a Ayesha Abed Library   |c General Shelf. 
999 |c 10895  |d 10895 
952 |0 0  |1 0  |2 ddc  |4 0  |6 821_400000000000000_MIL  |7 0  |9 16685  |a BRACUL  |b BRACUL  |c GEN  |d 2011-05-24  |e Karim International  |g 450.00  |l 5  |m 41  |o 821.4 MIL  |p 3010022733  |r 2026-03-29  |s 2026-02-24  |t 1  |w 2011-05-25  |y BK 
952 |0 0  |1 4  |2 ddc  |4 0  |6 821_400000000000000_MIL  |7 0  |9 16686  |a BRACUL  |b BRACUL  |c GEN  |d 2011-05-24  |e Karim International  |g 450.00  |l 1  |o 821.4 MIL  |p 3010022734  |r 2013-02-04  |s 2013-02-04  |t 2  |w 2011-05-25  |y BK  |x Koha Inventory 2020 
952 |0 0  |1 0  |2 ddc  |4 0  |6 821_400000000000000_MIL  |7 0  |9 16687  |a BRACUL  |b BRACUL  |c GEN  |d 2011-05-24  |e Karim International  |g 450.00  |l 4  |m 11  |o 821.4 MIL  |p 3010022735  |r 2024-03-19  |s 2024-03-06  |t 3  |w 2011-05-25  |y BK 
952 |0 0  |1 0  |2 ddc  |4 0  |6 821_400000000000000_MIL  |7 0  |9 16689  |a BRACUL  |b BRACUL  |c GEN  |d 2011-05-24  |e Karim International  |g 450.00  |l 6  |m 31  |o 821.4 MIL  |p 3010022736  |r 2025-05-23  |s 2025-05-23  |t 4  |w 2011-05-25  |y BK 
952 |0 0  |1 0  |2 ddc  |4 0  |6 821_400000000000000_MIL  |7 0  |9 16690  |a BRACUL  |b BRACUL  |c GEN  |d 2011-05-24  |e Karim International  |g 450.00  |l 8  |m 18  |o 821.4 MIL  |p 3010022737  |r 2025-02-19  |s 2025-02-10  |t 5  |w 2011-05-25  |y BK 
952 |0 0  |1 0  |2 ddc  |4 0  |6 821_400000000000000_MIL  |7 0  |9 16691  |a BRACUL  |b BRACUL  |c GEN  |d 2011-05-24  |e Karim International  |g 450.00  |l 7  |m 52  |o 821.4 MIL  |p 3010022738  |r 2025-03-15  |s 2025-02-10  |t 6  |w 2011-05-25  |y BK 
952 |0 0  |1 0  |2 ddc  |4 0  |6 821_400000000000000_MIL  |7 0  |9 16692  |a BRACUL  |b BRACUL  |c GEN  |d 2011-05-24  |e Karim International  |g 450.00  |l 4  |m 18  |o 821.4 MIL  |p 3010022739  |r 2025-03-03  |s 2025-02-10  |t 7  |w 2011-05-25  |y BK 
952 |0 0  |1 0  |2 ddc  |4 0  |6 821_400000000000000_MIL  |7 0  |9 16693  |a BRACUL  |b BRACUL  |c GEN  |d 2011-05-24  |e Karim International  |g 450.00  |l 3  |m 9  |o 821.4 MIL  |p 3010022740  |r 2025-02-24  |s 2025-02-17  |t 8  |w 2011-05-25  |y BK 
952 |0 0  |1 0  |2 ddc  |4 0  |6 821_400000000000000_MIL  |7 0  |9 16694  |a BRACUL  |b BRACUL  |c GEN  |d 2011-05-24  |e Karim International  |g 450.00  |l 6  |m 40  |o 821.4 MIL  |p 3010022741  |r 2026-04-25  |s 2026-02-19  |t 9  |w 2011-05-25  |y BK 
952 |0 0  |1 0  |2 ddc  |4 0  |6 821_400000000000000_MIL  |7 0  |9 16695  |a BRACUL  |b BRACUL  |c GEN  |d 2011-05-24  |e Karim International  |g 450.00  |l 6  |m 27  |o 821.4 MIL  |p 3010022742  |r 2022-04-06  |s 2022-03-10  |t 10  |w 2011-05-25  |y BK 
952 |0 0  |1 0  |2 ddc  |4 0  |6 821_400000000000000_MIL  |7 0  |9 16696  |a BRACUL  |b BRACUL  |c GEN  |d 2011-05-24  |e Karim International  |g 450.00  |l 3  |m 11  |o 821.4 MIL  |p 3010022743  |r 2024-03-14  |s 2024-03-12  |t 11  |w 2011-05-25  |y BK 
952 |0 0  |1 0  |2 ddc  |4 0  |6 821_400000000000000_MIL  |7 0  |9 16697  |a BRACUL  |b BRACUL  |c GEN  |d 2011-05-24  |e Karim International  |g 450.00  |l 4  |m 19  |o 821.4 MIL  |p 3010022744  |r 2023-01-21  |s 2023-01-15  |t 12  |w 2011-05-25  |y BK 
952 |0 0  |1 0  |2 ddc  |4 0  |6 821_400000000000000_MIL  |7 0  |9 16698  |a BRACUL  |b BRACUL  |c GEN  |d 2011-05-24  |e Karim International  |g 450.00  |l 10  |m 10  |o 821.4 MIL  |p 3010022745  |r 2025-06-15  |s 2025-02-10  |t 13  |w 2011-05-25  |y BK 
952 |0 0  |1 0  |2 ddc  |4 0  |6 821_400000000000000_MIL  |7 0  |9 16699  |a BRACUL  |b BRACUL  |c GEN  |d 2011-05-24  |e Karim International  |g 450.00  |l 5  |m 4  |o 821.4 MIL  |p 3010022746  |q 2026-05-20  |r 2026-04-30  |s 2026-04-30  |t 14  |w 2011-05-25  |y BK 
952 |0 0  |1 0  |2 ddc  |4 0  |6 821_400000000000000_MIL  |7 0  |9 16700  |a BRACUL  |b BRACUL  |c GEN  |d 2011-05-24  |e Karim International  |g 450.00  |l 4  |m 18  |o 821.4 MIL  |p 3010022747  |r 2025-05-23  |s 2025-02-17  |t 15  |w 2011-05-25  |y BK 
952 |0 0  |1 0  |2 ddc  |4 0  |6 821_400000000000000_MIL  |7 0  |9 16701  |a BRACUL  |b BRACUL  |c GEN  |d 2011-05-24  |e Karim International  |g 450.00  |l 6  |m 61  |o 821.4 MIL  |p 3010022748  |r 2025-02-12  |s 2025-02-08  |t 16  |w 2011-05-25  |y BK 
952 |0 0  |1 0  |2 ddc  |4 0  |6 821_400000000000000_MIL  |7 0  |9 16702  |a BRACUL  |b BRACUL  |c GEN  |d 2011-05-24  |e Karim International  |g 450.00  |l 5  |m 18  |o 821.4 MIL  |p 3010022749  |r 2026-03-08  |s 2026-02-05  |t 17  |w 2011-05-25  |y BK 
952 |0 0  |1 0  |2 ddc  |4 0  |6 821_400000000000000_MIL  |7 0  |9 16703  |a BRACUL  |b BRACUL  |c GEN  |d 2011-05-24  |e Karim International  |g 450.00  |l 5  |m 48  |o 821.4 MIL  |p 3010022750  |r 2024-05-13  |s 2024-04-28  |t 18  |w 2011-05-25  |y BK 
952 |0 0  |1 0  |2 ddc  |4 0  |6 821_400000000000000_MIL  |7 0  |9 16704  |a BRACUL  |b BRACUL  |c GEN  |d 2011-05-24  |e Karim International  |g 450.00  |l 4  |m 13  |o 821.4 MIL  |p 3010022751  |r 2025-02-19  |s 2025-02-17  |t 19  |w 2011-05-25  |y BK 
952 |0 0  |1 0  |2 ddc  |4 0  |6 821_400000000000000_MIL  |7 0  |9 16705  |a BRACUL  |b BRACUL  |c GEN  |d 2011-05-24  |e Karim International  |l 4  |m 32  |o 821.4 MIL  |p 3010022752  |r 2024-02-17  |s 2023-02-15  |t 20  |w 2011-05-25  |y BK 
952 |0 0  |1 0  |2 ddc  |4 0  |6 821_400000000000000_MIL  |7 0  |9 16706  |a BRACUL  |b BRACUL  |c GEN  |d 2011-05-24  |e Karim International  |g 450.00  |l 7  |m 41  |o 821.4 MIL  |p 3010022753  |r 2025-03-24  |s 2025-02-19  |t 21  |w 2011-05-25  |y BK 
952 |0 0  |1 0  |2 ddc  |4 0  |6 821_400000000000000_MIL  |7 0  |9 16707  |a BRACUL  |b BRACUL  |c GEN  |d 2011-05-24  |e Karim International  |g 450.00  |l 5  |m 15  |o 821.4 MIL  |p 3010022754  |r 2023-03-15  |s 2023-02-27  |t 22  |w 2011-05-25  |y BK 
952 |0 0  |1 0  |2 ddc  |4 0  |6 821_400000000000000_MIL  |7 0  |9 16708  |a BRACUL  |b BRACUL  |c GEN  |d 2011-05-24  |e Karim International  |g 450.00  |l 2  |m 30  |o 821.4 MIL  |p 3010022755  |r 2024-05-13  |s 2024-03-03  |t 23  |w 2011-05-25  |y BK 
952 |0 0  |1 0  |2 ddc  |4 0  |6 821_400000000000000_MIL  |7 0  |9 16709  |a BRACUL  |b BRACUL  |c GEN  |d 2011-05-24  |e Karim International  |g 450.00  |l 10  |m 29  |o 821.4 MIL  |p 3010022756  |r 2026-03-02  |s 2026-01-31  |t 24  |w 2011-05-25  |y BK 
952 |0 0  |1 0  |2 ddc  |4 0  |6 821_400000000000000_MIL  |7 0  |9 16710  |a BRACUL  |b BRACUL  |c GEN  |d 2011-05-24  |e Karim International  |g 450.00  |l 5  |m 36  |o 821.4 MIL  |p 3010022757  |r 2019-11-14  |s 2019-10-03  |t 25  |w 2011-05-25  |y BK 
952 |0 0  |1 0  |2 ddc  |4 0  |6 821_400000000000000_MIL  |7 0  |9 16712  |a BRACUL  |b BRACUL  |c GEN  |d 2011-05-24  |e Karim International  |g 450.00  |l 7  |m 51  |o 821.4 MIL  |p 3010022758  |r 2025-08-24  |s 2025-08-20  |t 26  |w 2011-05-25  |y BK 
952 |0 0  |1 0  |2 ddc  |4 0  |6 821_400000000000000_MIL  |7 0  |9 16713  |a BRACUL  |b BRACUL  |c GEN  |d 2011-05-24  |e Karim International  |g 450.00  |l 2  |m 12  |o 821.4 MIL  |p 3010022759  |r 2026-05-17  |s 2026-02-05  |t 27  |w 2011-05-25  |y BK 
952 |0 0  |1 0  |2 ddc  |4 0  |6 821_400000000000000_MIL  |7 0  |9 16714  |a BRACUL  |b BRACUL  |c GEN  |d 2011-05-24  |e Karim International  |g 450.00  |l 6  |m 32  |o 821.4 MIL  |p 3010022760  |q 2026-06-02  |r 2026-04-21  |s 2026-04-21  |t 28  |w 2011-05-25  |y BK 
952 |0 0  |1 0  |2 ddc  |4 0  |6 821_400000000000000_MIL  |7 0  |9 16716  |a BRACUL  |b BRACUL  |c GEN  |d 2011-05-24  |e Karim International  |g 450.00  |l 5  |m 13  |o 821.4 MIL  |p 3010022761  |r 2023-03-21  |s 2023-02-20  |t 29  |w 2011-05-25  |y BK 
952 |0 0  |1 0  |2 ddc  |4 0  |6 821_400000000000000_MIL  |7 0  |9 16717  |a BRACUL  |b BRACUL  |c GEN  |d 2011-05-24  |e Karim International  |g 450.00  |l 4  |m 23  |o 821.4 MIL  |p 3010022762  |r 2024-01-24  |s 2024-01-22  |t 30  |w 2011-05-25  |y BK